Socialistická internacionála na své poslední křižovatce?

Krátky pohľad do minulosti formovania Socialistickej internacionály. Vznik prvej internacionály ako organizácie medzinárodného robotníckeho hnutia v r. 1864. Druhá internacionála - v r. 1889 v Paríži. Ciele prvej a druhej internacionály. Vznik Kominterny v r. 1919 z iniciatívy V. I. Lenina. Obnoveni...

ver descrição completa

Na minha lista:
Detalhes bibliográficos
Autor principal: Malínek, Tomáš
Formato: Capítulo de Livro
Idioma:tcheco
Assuntos:
Tags: Adicionar Tag
Sem tags, seja o primeiro a adicionar uma tag!

MARC

LEADER 00000naa a2200000 4500
001 0148552
005 20231016095008.3
041 0 |a cze 
044 |a CZ 
245 1 0 |a Socialistická internacionála na své poslední křižovatce?  |c Tomáš Malínek 
520 |a Krátky pohľad do minulosti formovania Socialistickej internacionály. Vznik prvej internacionály ako organizácie medzinárodného robotníckeho hnutia v r. 1864. Druhá internacionála - v r. 1889 v Paríži. Ciele prvej a druhej internacionály. Vznik Kominterny v r. 1919 z iniciatívy V. I. Lenina. Obnovenie činnosti internacionály v r. 1951 na kongrese vo Frankfurte nad Mohánom. Zásluha nemeckého kancelára Willyho Brandta na činnosti Socialistickej internacionály. Internacionála dnes. 
610 2 0 |a organizácie medzinárodné 
610 2 0 |a hnutie robotnícke 
610 2 0 |a spolupráca medzinárodná 
610 2 0 |a strany politické 
610 2 0 |a socializmus demokratický 
100 1 |a Malínek, Tomáš